000 00490nam a2200169Ia 4500
008 210719s2011 xx 000 0 und d
041 _aeng
082 _a332.02 JAIU
100 _aJAIN (T S)
245 _aUpkars bank clerical cadre: common written examination
260 _aAgra
_bUpkar Prakashan
_c2011
300 _aviii,384
_bPB
365 _b235
_cRs
650 _aBank entrance
650 _aBanking
906 _abank ; cadre: ; clerical ; common ; examination ; Upkars ; written
999 _c215355
_d215355